Dzielnice Moskwy - Statystyki

Ogólne statystyki
  • Ten quiz został rozwiązany 3 razy
  • Średni wynik to 2 z 12
Statystyki odpowiedzi
Hint Odpowiedź % Poprawnych
12 Troicki okręg administracyjny
100%
11 Nowomoskiewski okręg administracyjny
50%
1 Centralny okręg administracyjny
0%
3 Północno-wschodni okręg administracyjny
0%
9 Północno-zachodni okręg administracyjny
0%
2 Północny okręg administracyjny
0%
5 Południowo-wschodni okręg administracyjny
0%
7 Południowo-zachodni okręg administracyjny
0%
6 Południowy okręg administracyjny
0%
4 Wschodni okręg administracyjny
0%
8 Zachodni okręg administracyjny
0%
10 Zielenogradzki okręg administracyjny
0%
Nie znaleziono quizów pasujących do podanych kryteriów
Rozkład punktacji
Procent ludzi z każdym wynikiem
Percentyl według liczby udzielonych odpowiedzi
Twoja historia wyników
Nie rozwiązałeś tego quizu